000
00244nam a2200097Ia 4500
001
833076
005
20250826172408.0
008
250824s9999 xx 000 0 und d
245
0
_a
ÇEHOVDAN HİKAYELER
_c
ANTON ÇEHOV
260
_b
AKVARYUM YAYINLARI
999
_c
833076
_d
833076